| 000 | 01240naa a22002777a 4500 | ||
|---|---|---|---|
| 001 | BR9211988 | ||
| 003 | BR-BrBNA | ||
| 005 | 20250721155423.0 | ||
| 007 | ta | ||
| 008 | 250630b bl.|||m| |||| 00| 0 por d | ||
| 040 |
_aBR-BrBNA _bpor _cBiblioteca Nacional de Agricultura |
||
| 041 | _a(Pt) | ||
| 072 |
_aP34 _b0180 |
||
| 090 | _aP34 BR9211988 | ||
| 100 | 1 | _aDidonet, A.D. | |
| 111 | 1 |
_a15. Reuniao Nacional de Pesquisa de Trigo _cPasso Fundo, RS (Brazil) _d19-23 Sep 1988 |
|
| 245 | 1 | _aAvaliacao da inoculacao do trigo com Azospirillum no CNPT [Centro Nacional de Pesquisa de Trigo] | |
| 500 | _aResultados de pesquisa do Centro Nacional de Pesquisa de Trigo apresentados na 15. Reuniao Nacional de Pesquisa de Trigo Passo Fundo, RS (Brasil): 1988. p. 179-185 [14 ref.] (BR9211988-AMS) | ||
| 773 | 0 |
_tResultados de pesquisa do Centro Nacional de Pesquisa de Trigo apresentados na 15. Reuniao Nacional de Pesquisa de Trigo _wP34 BR9211988 _gPasso Fundo, RS (Brasil), 1988. p. 179-185 |
|
| 650 | _aTRIGO | ||
| 650 | _aINOCULACAO | ||
| 650 | _aRELACAO SOLO-PLANTA | ||
| 490 |
_aDocumentos - Centro Nacional de Pesquisa de Trigo (Brazil) _vno. 12 _xISSN 0101-6644 |
||
| 942 |
_cAMS _2AGRIS |
||
| 909 |
_a202506 _bLúcia _c55 _dLúcia Elande |
||
| 999 |
_c336395 _d336395 |
||